| 000 | 00438cam a2200181ua 4500 | ||
|---|---|---|---|
| 020 | _c21.00 | ||
| 041 |
_aeng _h |
||
| 082 |
_a624.1834 _bGIB/DE |
||
| 100 | _aGibson, J E . | ||
| 245 |
_aDesign of cylindrical shell roofs / _cJ E Gibson. _hTextual Documents |
||
| 250 |
_a1 / _b. |
||
| 260 |
_alondon : _bE&TN spon Ltd , _c1961. |
||
| 300 | _a270 ; . | ||
| 365 | _a21.00 | ||
| 504 | _a | ||
| 942 | _cBK | ||
| 999 |
_c2084 _d2084 |
||